Normal view
MARC view
- Fernández R., Ma. Estela
Entry Nombre Personal
001 - NUMERO DE CONTROL
- campo de control: 53049
003 - IDENTIFICADOR DE NUMERO DE CONTROL
- campo de control: MX-MxUPN
005 - FECHA Y HORA DE LA ÜLTIMA TRANSACCIÓN
- campo de control: 20240815114811.0
008 - DATOS DE LONGITUD FIJA
- campo de control de longitud fija: 240815|| aca||aabn | aaa d
040 ## - FUENTE DE CATALOGACIÓN
- Agencia original de catalogación: MX-MxUPN
- Lenguaje de catalogación: spa
- Agencia de transcripción: MX-MxUPN
100 1# - ENCABEZAMIENTO - NOMBRE PERSONAL
- Nombre personal: Fernández R., Ma. Estela
670 ## - FUENTE EN LA QUE SE LOCALIZARON DATOS
- Cita de la fuente: Jóvenes de hoy : perfiles de conducta masculuna : datos y comentarios útiles para agentes de promoción juvenil, 1990:
- Información localizada: portada (Ma. Estela Fernández R.)
902 ## - CATALOGADOR
- Catalogador: Víctor Ruiz/150824
